000 00678cam a2200193 a 4500
001 000006155
005 20200929151944.0
008 080102s1990 cu 001 p spa
040 _aDO-SdBNP
_dBNPHU
082 _aCu861.44
_bM618t
245 0 0 _aMi madre teje el humo de los días /
_cWaldo González López ; edición, Esther Toribio Padrón.
260 _aLa Habana :
_bAbril. ,
_c1990.
300 _a149 p. :
_bil. ;
_c21 cm.
500 _aFundación de la imprenta nacional de Cuba aniversario 30
650 4 _aPoesía cubana
_95226
650 4 _aLiteratura cubana
_ySIGLO XX
_99186
700 1 _aToribio Padrón, Esther,
_eed.
_917287
910 _aCatalogación por copia / LC
999 _c5951
_d5951